000 00539nam a2200169 i 4500
001 149922
003 ES-MaACL
005 20230906203318.0
007 t|
008 071025s1948 sp ||||1| spa d
100 1 _aVander, Adrianus.
_9113059
245 1 3 _aLa delgadez y su curación
_b: cómo engordar y adquirir vigor, energía, optimismo... /
_cAdrián Vander.
260 _aBarcelona :
_bSintes,
_c1948.
300 _a92 p., 22 lám. ;
_c21 cm.
650 4 _aDelgadez-
_xTratamiento.
_9166040
852 _aES-MaACL
_jC-5650
_bR.26284
999 _c149922
_d149922